Dyskografia Taco Hemingwaya - Statystyki

Ogólne statystyki
  • Ten quiz został rozwiązany 34 razy
  • Średni wynik to 14 z 16
Statystyki odpowiedzi
Obrazkowy Odpowiedź % Poprawnych
Marmur
97%
Szprycer
94%
Umowa o Dzieło
94%
Cafe Belga
91%
Europa
91%
Jarmark
91%
Trójkąt Warszawski
91%
1-800 oświecenie
88%
Latarnie Wszędzie Dawno Zgasły
88%
Pocztówka z WWA, Lato 2019
88%
Wosk
88%
Flagey
78%
Soma 0,5 mg
78%
Young Hems
78%
Soma 0,25 mg
75%
Who killed JFK
72%
Nie znaleziono quizów pasujących do podanych kryteriów
Rozkład punktacji
Procent ludzi z każdym wynikiem
Percentyl według liczby udzielonych odpowiedzi
Twoja historia wyników
Nie rozwiązałeś tego quizu